| 000 | 00256nam a22000857a 4500 | ||
|---|---|---|---|
| 999 |
_c24793 _d24793 |
||
| 003 | Nust | ||
| 005 | 20170516111331.0 | ||
| 008 | 150423b xxu||||| |||| 00| 0 eng d | ||
| 020 |
_a978-81-906919-5-6 _cAvailable |
||
| 040 |
_aDLC _bDLC _cRCMS |
||
| 082 | _a004.6 SON | ||
| 100 |
_aSoni K.M _9219 |
||
| 245 | _aNetwork Theory | ||
| 260 |
_aNew Delhi India _bS.K.Kataria & Sons _cc July,2010 |
||
| 300 |
_axviii,445,p: _bill: _c25,cm. |
||
| 538 | _iShelf # 15, Row # 6, Communication. | ||
| 650 |
_aNetworking _9212 |
||
| 856 | _3Table of Content Only | ||
| 942 |
_2ddc _cBK |
||